000 01001nas a2200301 4500
001 BR0200613
003 BR-BrBNA
005 20231205102726.0
007 ta
008 230509b bl.|||p| |||| 00| 00por d
040 _aBR-BrBNA
_bpor
_cBiblioteca Nacional de Agricultura
041 _a(Es)
072 _aL53
100 1 _aDomínguez, G.
100 1 _aLares, S.
100 1 _aFormía, N.
100 1 _aScena, C.
100 1 _aLacau, B.
100 1 _aSota, R.L. de la
111 1 _a14. Congresso Brasileiro de Reprodução Animal
_cBelo Horizonte, MG (Brazil)
_d1-5 Aug 2001
245 1 _aUtilizacion de analogos de CnRH y prostaglandinas para resincronizar el estro y la ovulación en ganado de carne
650 _aCICLO ESTRAL
650 _aOVULAÇÃO
650 _aPROSTAGLANDINA
773 0 _tRevista Brasileira de Reprodução Animal (Brazil)
_xISSN 0102-0803
_g(Jul-Sep 2001), v. 25(3) p. 321-323
_wBR0200613
909 _a202311
_bLúcia
_c55
_dLúcia Elande
942 _2AGRIS
_n0
_cANA
999 _c169005
_d169005